<?xml version="1.0" encoding="UTF-8"?>
<record
    xmlns:xsi="http://www.w3.org/2001/XMLSchema-instance"
    xsi:schemaLocation="http://www.loc.gov/MARC21/slim http://www.loc.gov/standards/marcxml/schema/MARC21slim.xsd"
    xmlns="http://www.loc.gov/MARC21/slim">

  <leader>00330    a2200133   4500</leader>
  <datafield tag="090" ind1=" " ind2=" ">
    <subfield code="c">38750</subfield>
    <subfield code="d">38750</subfield>
  </datafield>
  <datafield tag="100" ind1=" " ind2=" ">
    <subfield code="a">PAF</subfield>
  </datafield>
  <datafield tag="245" ind1=" " ind2=" ">
    <subfield code="a">Service wirting &amp; Staff studies (AFM 10-1)</subfield>
    <subfield code="b">AFM10-1</subfield>
  </datafield>
  <datafield tag="260" ind1=" " ind2=" ">
    <subfield code="a">Masroor</subfield>
    <subfield code="c">PAF Press Masroor</subfield>
  </datafield>
  <datafield tag="500" ind1=" " ind2=" ">
    <subfield code="a">CFT precise</subfield>
  </datafield>
  <datafield tag="610" ind1=" " ind2=" ">
    <subfield code="a">Dte of Studies PAF</subfield>
  </datafield>
  <datafield tag="650" ind1=" " ind2=" ">
    <subfield code="a">AFM 10-1</subfield>
  </datafield>
  <datafield tag="942" ind1=" " ind2=" ">
    <subfield code="a">CAE NUST</subfield>
  </datafield>
  <datafield tag="999" ind1=" " ind2=" ">
    <subfield code="c">463321</subfield>
    <subfield code="d">463321</subfield>
  </datafield>
  <datafield tag="952" ind1=" " ind2=" ">
    <subfield code="0">0</subfield>
    <subfield code="1">0</subfield>
    <subfield code="4">0</subfield>
    <subfield code="7">0</subfield>
    <subfield code="a">CAE</subfield>
    <subfield code="b">CAE </subfield>
    <subfield code="d">2018-03-30</subfield>
    <subfield code="l">0</subfield>
    <subfield code="p">CAEAFM-112</subfield>
    <subfield code="r">2018-03-30</subfield>
    <subfield code="w">2018-03-30</subfield>
    <subfield code="y">BK</subfield>
  </datafield>
  <datafield tag="952" ind1=" " ind2=" ">
    <subfield code="0">0</subfield>
    <subfield code="1">0</subfield>
    <subfield code="4">0</subfield>
    <subfield code="7">0</subfield>
    <subfield code="a">CAE</subfield>
    <subfield code="b">CAE </subfield>
    <subfield code="d">2018-03-30</subfield>
    <subfield code="l">0</subfield>
    <subfield code="p">CAEAFM-113</subfield>
    <subfield code="r">2018-03-30</subfield>
    <subfield code="w">2018-03-30</subfield>
    <subfield code="y">BK</subfield>
  </datafield>
  <datafield tag="952" ind1=" " ind2=" ">
    <subfield code="0">0</subfield>
    <subfield code="1">0</subfield>
    <subfield code="4">0</subfield>
    <subfield code="7">0</subfield>
    <subfield code="a">CAE</subfield>
    <subfield code="b">CAE </subfield>
    <subfield code="d">2018-03-30</subfield>
    <subfield code="l">0</subfield>
    <subfield code="p">CAEAFM-114</subfield>
    <subfield code="r">2018-03-30</subfield>
    <subfield code="w">2018-03-30</subfield>
    <subfield code="y">BK</subfield>
  </datafield>
  <datafield tag="952" ind1=" " ind2=" ">
    <subfield code="0">0</subfield>
    <subfield code="1">0</subfield>
    <subfield code="4">0</subfield>
    <subfield code="7">0</subfield>
    <subfield code="a">CAE</subfield>
    <subfield code="b">CAE </subfield>
    <subfield code="d">2018-03-30</subfield>
    <subfield code="l">0</subfield>
    <subfield code="p">CAEAFM-115</subfield>
    <subfield code="r">2018-03-30</subfield>
    <subfield code="w">2018-03-30</subfield>
    <subfield code="y">BK</subfield>
  </datafield>
  <datafield tag="952" ind1=" " ind2=" ">
    <subfield code="0">0</subfield>
    <subfield code="1">0</subfield>
    <subfield code="4">0</subfield>
    <subfield code="7">0</subfield>
    <subfield code="a">CAE</subfield>
    <subfield code="b">CAE </subfield>
    <subfield code="d">2018-03-30</subfield>
    <subfield code="l">0</subfield>
    <subfield code="p">CAEAFM-116</subfield>
    <subfield code="r">2018-03-30</subfield>
    <subfield code="w">2018-03-30</subfield>
    <subfield code="y">BK</subfield>
  </datafield>
  <datafield tag="952" ind1=" " ind2=" ">
    <subfield code="0">0</subfield>
    <subfield code="1">0</subfield>
    <subfield code="4">0</subfield>
    <subfield code="7">0</subfield>
    <subfield code="a">CAE</subfield>
    <subfield code="b">CAE </subfield>
    <subfield code="d">2018-03-30</subfield>
    <subfield code="l">0</subfield>
    <subfield code="p">CAEAFM-117</subfield>
    <subfield code="r">2018-03-30</subfield>
    <subfield code="w">2018-03-30</subfield>
    <subfield code="y">BK</subfield>
  </datafield>
  <datafield tag="952" ind1=" " ind2=" ">
    <subfield code="0">0</subfield>
    <subfield code="1">0</subfield>
    <subfield code="4">0</subfield>
    <subfield code="7">0</subfield>
    <subfield code="a">CAE</subfield>
    <subfield code="b">CAE </subfield>
    <subfield code="d">2018-03-30</subfield>
    <subfield code="l">0</subfield>
    <subfield code="p">CAEAFM-118</subfield>
    <subfield code="r">2018-03-30</subfield>
    <subfield code="w">2018-03-30</subfield>
    <subfield code="y">BK</subfield>
  </datafield>
  <datafield tag="952" ind1=" " ind2=" ">
    <subfield code="0">0</subfield>
    <subfield code="1">0</subfield>
    <subfield code="4">0</subfield>
    <subfield code="7">0</subfield>
    <subfield code="a">CAE</subfield>
    <subfield code="b">CAE </subfield>
    <subfield code="d">2018-03-30</subfield>
    <subfield code="l">0</subfield>
    <subfield code="p">CAEAFM-119</subfield>
    <subfield code="r">2018-03-30</subfield>
    <subfield code="w">2018-03-30</subfield>
    <subfield code="y">BK</subfield>
  </datafield>
  <datafield tag="952" ind1=" " ind2=" ">
    <subfield code="0">0</subfield>
    <subfield code="1">0</subfield>
    <subfield code="4">0</subfield>
    <subfield code="7">0</subfield>
    <subfield code="a">CAE</subfield>
    <subfield code="b">CAE </subfield>
    <subfield code="d">2018-03-30</subfield>
    <subfield code="l">0</subfield>
    <subfield code="p">CAEAFM-120</subfield>
    <subfield code="r">2018-03-30</subfield>
    <subfield code="w">2018-03-30</subfield>
    <subfield code="y">BK</subfield>
  </datafield>
  <datafield tag="952" ind1=" " ind2=" ">
    <subfield code="0">0</subfield>
    <subfield code="1">0</subfield>
    <subfield code="4">0</subfield>
    <subfield code="7">0</subfield>
    <subfield code="a">CAE</subfield>
    <subfield code="b">CAE </subfield>
    <subfield code="d">2018-03-30</subfield>
    <subfield code="l">0</subfield>
    <subfield code="p">CAEAFM-20</subfield>
    <subfield code="r">2018-03-30</subfield>
    <subfield code="w">2018-03-30</subfield>
    <subfield code="y">BK</subfield>
  </datafield>
  <datafield tag="952" ind1=" " ind2=" ">
    <subfield code="0">0</subfield>
    <subfield code="1">0</subfield>
    <subfield code="4">0</subfield>
    <subfield code="7">0</subfield>
    <subfield code="a">CAE</subfield>
    <subfield code="b">CAE </subfield>
    <subfield code="d">2018-03-30</subfield>
    <subfield code="l">0</subfield>
    <subfield code="p">CAEAFM-93</subfield>
    <subfield code="r">2018-03-30</subfield>
    <subfield code="w">2018-03-30</subfield>
    <subfield code="y">BK</subfield>
  </datafield>
  <datafield tag="952" ind1=" " ind2=" ">
    <subfield code="0">0</subfield>
    <subfield code="1">0</subfield>
    <subfield code="4">0</subfield>
    <subfield code="7">0</subfield>
    <subfield code="a">CAE</subfield>
    <subfield code="b">CAE </subfield>
    <subfield code="d">2018-03-30</subfield>
    <subfield code="l">0</subfield>
    <subfield code="p">CAEAFM-38</subfield>
    <subfield code="r">2018-03-30</subfield>
    <subfield code="w">2018-03-30</subfield>
    <subfield code="y">BK</subfield>
  </datafield>
  <datafield tag="952" ind1=" " ind2=" ">
    <subfield code="0">0</subfield>
    <subfield code="1">0</subfield>
    <subfield code="4">0</subfield>
    <subfield code="7">0</subfield>
    <subfield code="a">CAE</subfield>
    <subfield code="b">CAE </subfield>
    <subfield code="d">2018-03-30</subfield>
    <subfield code="l">0</subfield>
    <subfield code="p">CAEAFM-45</subfield>
    <subfield code="r">2018-03-30</subfield>
    <subfield code="w">2018-03-30</subfield>
    <subfield code="y">BK</subfield>
  </datafield>
  <datafield tag="952" ind1=" " ind2=" ">
    <subfield code="0">0</subfield>
    <subfield code="1">0</subfield>
    <subfield code="4">0</subfield>
    <subfield code="7">0</subfield>
    <subfield code="a">CAE</subfield>
    <subfield code="b">CAE </subfield>
    <subfield code="d">2018-03-30</subfield>
    <subfield code="l">0</subfield>
    <subfield code="p">CAEAFM-35</subfield>
    <subfield code="r">2018-03-30</subfield>
    <subfield code="w">2018-03-30</subfield>
    <subfield code="y">BK</subfield>
  </datafield>
  <datafield tag="952" ind1=" " ind2=" ">
    <subfield code="0">0</subfield>
    <subfield code="1">0</subfield>
    <subfield code="4">0</subfield>
    <subfield code="7">0</subfield>
    <subfield code="a">CAE</subfield>
    <subfield code="b">CAE </subfield>
    <subfield code="d">2018-03-30</subfield>
    <subfield code="l">0</subfield>
    <subfield code="p">CAEAFM-96</subfield>
    <subfield code="r">2018-03-30</subfield>
    <subfield code="w">2018-03-30</subfield>
    <subfield code="y">BK</subfield>
  </datafield>
  <datafield tag="952" ind1=" " ind2=" ">
    <subfield code="0">0</subfield>
    <subfield code="1">0</subfield>
    <subfield code="4">0</subfield>
    <subfield code="7">0</subfield>
    <subfield code="a">CAE</subfield>
    <subfield code="b">CAE </subfield>
    <subfield code="d">2018-03-30</subfield>
    <subfield code="l">0</subfield>
    <subfield code="p">CAEAFM-68</subfield>
    <subfield code="r">2018-03-30</subfield>
    <subfield code="w">2018-03-30</subfield>
    <subfield code="y">BK</subfield>
  </datafield>
  <datafield tag="952" ind1=" " ind2=" ">
    <subfield code="0">0</subfield>
    <subfield code="1">0</subfield>
    <subfield code="4">0</subfield>
    <subfield code="7">0</subfield>
    <subfield code="a">CAE</subfield>
    <subfield code="b">CAE </subfield>
    <subfield code="d">2018-03-30</subfield>
    <subfield code="l">0</subfield>
    <subfield code="p">CAEAFM-17</subfield>
    <subfield code="r">2018-03-30</subfield>
    <subfield code="w">2018-03-30</subfield>
    <subfield code="y">BK</subfield>
  </datafield>
  <datafield tag="952" ind1=" " ind2=" ">
    <subfield code="0">0</subfield>
    <subfield code="1">0</subfield>
    <subfield code="4">0</subfield>
    <subfield code="7">0</subfield>
    <subfield code="a">CAE</subfield>
    <subfield code="b">CAE </subfield>
    <subfield code="d">2018-03-30</subfield>
    <subfield code="l">0</subfield>
    <subfield code="p">CAEAFM-106</subfield>
    <subfield code="r">2018-03-30</subfield>
    <subfield code="w">2018-03-30</subfield>
    <subfield code="y">BK</subfield>
  </datafield>
  <datafield tag="952" ind1=" " ind2=" ">
    <subfield code="0">0</subfield>
    <subfield code="1">0</subfield>
    <subfield code="4">0</subfield>
    <subfield code="7">0</subfield>
    <subfield code="a">CAE</subfield>
    <subfield code="b">CAE </subfield>
    <subfield code="d">2018-03-30</subfield>
    <subfield code="l">0</subfield>
    <subfield code="p">CAEAFM-85</subfield>
    <subfield code="r">2018-03-30</subfield>
    <subfield code="w">2018-03-30</subfield>
    <subfield code="y">BK</subfield>
  </datafield>
  <datafield tag="952" ind1=" " ind2=" ">
    <subfield code="0">0</subfield>
    <subfield code="1">0</subfield>
    <subfield code="4">0</subfield>
    <subfield code="7">0</subfield>
    <subfield code="a">CAE</subfield>
    <subfield code="b">CAE </subfield>
    <subfield code="d">2018-03-30</subfield>
    <subfield code="l">0</subfield>
    <subfield code="p">CAEAFM-8</subfield>
    <subfield code="r">2018-03-30</subfield>
    <subfield code="w">2018-03-30</subfield>
    <subfield code="y">BK</subfield>
  </datafield>
  <datafield tag="952" ind1=" " ind2=" ">
    <subfield code="0">0</subfield>
    <subfield code="1">0</subfield>
    <subfield code="4">0</subfield>
    <subfield code="7">0</subfield>
    <subfield code="a">CAE</subfield>
    <subfield code="b">CAE </subfield>
    <subfield code="d">2018-03-30</subfield>
    <subfield code="l">0</subfield>
    <subfield code="p">CAEAFM-59</subfield>
    <subfield code="r">2018-03-30</subfield>
    <subfield code="w">2018-03-30</subfield>
    <subfield code="y">BK</subfield>
  </datafield>
  <datafield tag="952" ind1=" " ind2=" ">
    <subfield code="0">0</subfield>
    <subfield code="1">0</subfield>
    <subfield code="4">0</subfield>
    <subfield code="7">0</subfield>
    <subfield code="a">CAE</subfield>
    <subfield code="b">CAE </subfield>
    <subfield code="d">2018-03-30</subfield>
    <subfield code="l">0</subfield>
    <subfield code="p">CAEAFM-73</subfield>
    <subfield code="r">2018-03-30</subfield>
    <subfield code="w">2018-03-30</subfield>
    <subfield code="y">BK</subfield>
  </datafield>
  <datafield tag="952" ind1=" " ind2=" ">
    <subfield code="0">0</subfield>
    <subfield code="1">0</subfield>
    <subfield code="4">0</subfield>
    <subfield code="7">0</subfield>
    <subfield code="a">CAE</subfield>
    <subfield code="b">CAE </subfield>
    <subfield code="d">2018-03-30</subfield>
    <subfield code="l">0</subfield>
    <subfield code="p">CAEAFM-42</subfield>
    <subfield code="r">2018-03-30</subfield>
    <subfield code="w">2018-03-30</subfield>
    <subfield code="y">BK</subfield>
  </datafield>
  <datafield tag="952" ind1=" " ind2=" ">
    <subfield code="0">0</subfield>
    <subfield code="1">0</subfield>
    <subfield code="4">0</subfield>
    <subfield code="7">0</subfield>
    <subfield code="a">CAE</subfield>
    <subfield code="b">CAE </subfield>
    <subfield code="d">2018-03-30</subfield>
    <subfield code="l">0</subfield>
    <subfield code="p">CAEAFM-3</subfield>
    <subfield code="r">2018-03-30</subfield>
    <subfield code="w">2018-03-30</subfield>
    <subfield code="y">BK</subfield>
  </datafield>
  <datafield tag="952" ind1=" " ind2=" ">
    <subfield code="0">0</subfield>
    <subfield code="1">0</subfield>
    <subfield code="4">0</subfield>
    <subfield code="7">0</subfield>
    <subfield code="a">CAE</subfield>
    <subfield code="b">CAE </subfield>
    <subfield code="d">2018-03-30</subfield>
    <subfield code="l">0</subfield>
    <subfield code="p">CAEAFM-4</subfield>
    <subfield code="r">2018-03-30</subfield>
    <subfield code="w">2018-03-30</subfield>
    <subfield code="y">BK</subfield>
  </datafield>
  <datafield tag="952" ind1=" " ind2=" ">
    <subfield code="0">0</subfield>
    <subfield code="1">0</subfield>
    <subfield code="4">0</subfield>
    <subfield code="7">0</subfield>
    <subfield code="a">CAE</subfield>
    <subfield code="b">CAE </subfield>
    <subfield code="d">2018-03-30</subfield>
    <subfield code="l">0</subfield>
    <subfield code="p">CAEAFM-66</subfield>
    <subfield code="r">2018-03-30</subfield>
    <subfield code="w">2018-03-30</subfield>
    <subfield code="y">BK</subfield>
  </datafield>
  <datafield tag="952" ind1=" " ind2=" ">
    <subfield code="0">0</subfield>
    <subfield code="1">0</subfield>
    <subfield code="4">0</subfield>
    <subfield code="7">0</subfield>
    <subfield code="a">CAE</subfield>
    <subfield code="b">CAE </subfield>
    <subfield code="d">2018-03-30</subfield>
    <subfield code="l">0</subfield>
    <subfield code="p">CAEAFM-69</subfield>
    <subfield code="r">2018-03-30</subfield>
    <subfield code="w">2018-03-30</subfield>
    <subfield code="y">BK</subfield>
  </datafield>
  <datafield tag="952" ind1=" " ind2=" ">
    <subfield code="0">0</subfield>
    <subfield code="1">0</subfield>
    <subfield code="4">0</subfield>
    <subfield code="7">0</subfield>
    <subfield code="a">CAE</subfield>
    <subfield code="b">CAE </subfield>
    <subfield code="d">2018-03-30</subfield>
    <subfield code="l">0</subfield>
    <subfield code="p">CAEAFM-10</subfield>
    <subfield code="r">2018-03-30</subfield>
    <subfield code="w">2018-03-30</subfield>
    <subfield code="y">BK</subfield>
  </datafield>
  <datafield tag="952" ind1=" " ind2=" ">
    <subfield code="0">0</subfield>
    <subfield code="1">0</subfield>
    <subfield code="4">0</subfield>
    <subfield code="7">0</subfield>
    <subfield code="a">CAE</subfield>
    <subfield code="b">CAE </subfield>
    <subfield code="d">2018-03-30</subfield>
    <subfield code="l">0</subfield>
    <subfield code="p">CAEAFM-36</subfield>
    <subfield code="r">2018-03-30</subfield>
    <subfield code="w">2018-03-30</subfield>
    <subfield code="y">BK</subfield>
  </datafield>
  <datafield tag="952" ind1=" " ind2=" ">
    <subfield code="0">0</subfield>
    <subfield code="1">0</subfield>
    <subfield code="4">0</subfield>
    <subfield code="7">0</subfield>
    <subfield code="a">CAE</subfield>
    <subfield code="b">CAE </subfield>
    <subfield code="d">2018-03-30</subfield>
    <subfield code="l">0</subfield>
    <subfield code="p">CAEAFM-81</subfield>
    <subfield code="r">2018-03-30</subfield>
    <subfield code="w">2018-03-30</subfield>
    <subfield code="y">BK</subfield>
  </datafield>
  <datafield tag="952" ind1=" " ind2=" ">
    <subfield code="0">0</subfield>
    <subfield code="1">0</subfield>
    <subfield code="4">0</subfield>
    <subfield code="7">0</subfield>
    <subfield code="a">CAE</subfield>
    <subfield code="b">CAE </subfield>
    <subfield code="d">2018-03-30</subfield>
    <subfield code="l">0</subfield>
    <subfield code="p">CAEAFM-37</subfield>
    <subfield code="r">2018-03-30</subfield>
    <subfield code="w">2018-03-30</subfield>
    <subfield code="y">BK</subfield>
  </datafield>
  <datafield tag="952" ind1=" " ind2=" ">
    <subfield code="0">0</subfield>
    <subfield code="1">0</subfield>
    <subfield code="4">0</subfield>
    <subfield code="7">0</subfield>
    <subfield code="a">CAE</subfield>
    <subfield code="b">CAE </subfield>
    <subfield code="d">2018-03-30</subfield>
    <subfield code="l">0</subfield>
    <subfield code="p">CAEAFM-109</subfield>
    <subfield code="r">2018-03-30</subfield>
    <subfield code="w">2018-03-30</subfield>
    <subfield code="y">BK</subfield>
  </datafield>
  <datafield tag="952" ind1=" " ind2=" ">
    <subfield code="0">0</subfield>
    <subfield code="1">0</subfield>
    <subfield code="4">0</subfield>
    <subfield code="7">0</subfield>
    <subfield code="a">CAE</subfield>
    <subfield code="b">CAE </subfield>
    <subfield code="d">2018-03-30</subfield>
    <subfield code="l">0</subfield>
    <subfield code="p">CAEAFM-92</subfield>
    <subfield code="r">2018-03-30</subfield>
    <subfield code="w">2018-03-30</subfield>
    <subfield code="y">BK</subfield>
  </datafield>
  <datafield tag="952" ind1=" " ind2=" ">
    <subfield code="0">0</subfield>
    <subfield code="1">0</subfield>
    <subfield code="4">0</subfield>
    <subfield code="7">0</subfield>
    <subfield code="a">CAE</subfield>
    <subfield code="b">CAE </subfield>
    <subfield code="d">2018-03-30</subfield>
    <subfield code="l">0</subfield>
    <subfield code="p">CAEAFM-48</subfield>
    <subfield code="r">2018-03-30</subfield>
    <subfield code="w">2018-03-30</subfield>
    <subfield code="y">BK</subfield>
  </datafield>
  <datafield tag="952" ind1=" " ind2=" ">
    <subfield code="0">0</subfield>
    <subfield code="1">0</subfield>
    <subfield code="4">0</subfield>
    <subfield code="7">0</subfield>
    <subfield code="a">CAE</subfield>
    <subfield code="b">CAE </subfield>
    <subfield code="d">2018-03-30</subfield>
    <subfield code="l">0</subfield>
    <subfield code="p">CAEAFM-104</subfield>
    <subfield code="r">2018-03-30</subfield>
    <subfield code="w">2018-03-30</subfield>
    <subfield code="y">BK</subfield>
  </datafield>
  <datafield tag="952" ind1=" " ind2=" ">
    <subfield code="0">0</subfield>
    <subfield code="1">0</subfield>
    <subfield code="4">0</subfield>
    <subfield code="7">0</subfield>
    <subfield code="a">CAE</subfield>
    <subfield code="b">CAE </subfield>
    <subfield code="d">2018-03-30</subfield>
    <subfield code="l">0</subfield>
    <subfield code="p">CAEAFM-7</subfield>
    <subfield code="r">2018-03-30</subfield>
    <subfield code="w">2018-03-30</subfield>
    <subfield code="y">BK</subfield>
  </datafield>
  <datafield tag="952" ind1=" " ind2=" ">
    <subfield code="0">0</subfield>
    <subfield code="1">0</subfield>
    <subfield code="4">0</subfield>
    <subfield code="7">0</subfield>
    <subfield code="a">CAE</subfield>
    <subfield code="b">CAE </subfield>
    <subfield code="d">2018-03-30</subfield>
    <subfield code="l">0</subfield>
    <subfield code="p">CAEAFM-21</subfield>
    <subfield code="r">2018-03-30</subfield>
    <subfield code="w">2018-03-30</subfield>
    <subfield code="y">BK</subfield>
  </datafield>
  <datafield tag="952" ind1=" " ind2=" ">
    <subfield code="0">0</subfield>
    <subfield code="1">0</subfield>
    <subfield code="4">0</subfield>
    <subfield code="7">0</subfield>
    <subfield code="a">CAE</subfield>
    <subfield code="b">CAE </subfield>
    <subfield code="d">2018-03-30</subfield>
    <subfield code="l">0</subfield>
    <subfield code="p">CAEAFM-29</subfield>
    <subfield code="r">2018-03-30</subfield>
    <subfield code="w">2018-03-30</subfield>
    <subfield code="y">BK</subfield>
  </datafield>
  <datafield tag="952" ind1=" " ind2=" ">
    <subfield code="0">0</subfield>
    <subfield code="1">0</subfield>
    <subfield code="4">0</subfield>
    <subfield code="7">0</subfield>
    <subfield code="a">CAE</subfield>
    <subfield code="b">CAE </subfield>
    <subfield code="d">2018-03-30</subfield>
    <subfield code="l">0</subfield>
    <subfield code="p">CAEAFM-14</subfield>
    <subfield code="r">2018-03-30</subfield>
    <subfield code="w">2018-03-30</subfield>
    <subfield code="y">BK</subfield>
  </datafield>
  <datafield tag="952" ind1=" " ind2=" ">
    <subfield code="0">0</subfield>
    <subfield code="1">0</subfield>
    <subfield code="4">0</subfield>
    <subfield code="7">0</subfield>
    <subfield code="a">CAE</subfield>
    <subfield code="b">CAE </subfield>
    <subfield code="d">2018-03-30</subfield>
    <subfield code="l">0</subfield>
    <subfield code="p">CAEAFM-13</subfield>
    <subfield code="r">2018-03-30</subfield>
    <subfield code="w">2018-03-30</subfield>
    <subfield code="y">BK</subfield>
  </datafield>
  <datafield tag="952" ind1=" " ind2=" ">
    <subfield code="0">0</subfield>
    <subfield code="1">0</subfield>
    <subfield code="4">0</subfield>
    <subfield code="7">0</subfield>
    <subfield code="a">CAE</subfield>
    <subfield code="b">CAE </subfield>
    <subfield code="d">2018-03-30</subfield>
    <subfield code="l">0</subfield>
    <subfield code="p">CAEAFM-22</subfield>
    <subfield code="r">2018-03-30</subfield>
    <subfield code="w">2018-03-30</subfield>
    <subfield code="y">BK</subfield>
  </datafield>
  <datafield tag="952" ind1=" " ind2=" ">
    <subfield code="0">0</subfield>
    <subfield code="1">0</subfield>
    <subfield code="4">0</subfield>
    <subfield code="7">0</subfield>
    <subfield code="a">CAE</subfield>
    <subfield code="b">CAE </subfield>
    <subfield code="d">2018-03-30</subfield>
    <subfield code="l">0</subfield>
    <subfield code="p">CAEAFM-15</subfield>
    <subfield code="r">2018-03-30</subfield>
    <subfield code="w">2018-03-30</subfield>
    <subfield code="y">BK</subfield>
  </datafield>
  <datafield tag="952" ind1=" " ind2=" ">
    <subfield code="0">0</subfield>
    <subfield code="1">0</subfield>
    <subfield code="4">0</subfield>
    <subfield code="7">0</subfield>
    <subfield code="a">CAE</subfield>
    <subfield code="b">CAE </subfield>
    <subfield code="d">2018-03-30</subfield>
    <subfield code="l">0</subfield>
    <subfield code="p">CAEAFM-57</subfield>
    <subfield code="r">2018-03-30</subfield>
    <subfield code="w">2018-03-30</subfield>
    <subfield code="y">BK</subfield>
  </datafield>
  <datafield tag="952" ind1=" " ind2=" ">
    <subfield code="0">0</subfield>
    <subfield code="1">0</subfield>
    <subfield code="4">0</subfield>
    <subfield code="7">0</subfield>
    <subfield code="a">CAE</subfield>
    <subfield code="b">CAE </subfield>
    <subfield code="d">2018-03-30</subfield>
    <subfield code="l">0</subfield>
    <subfield code="p">CAEAFM-5</subfield>
    <subfield code="r">2018-03-30</subfield>
    <subfield code="w">2018-03-30</subfield>
    <subfield code="y">BK</subfield>
  </datafield>
  <datafield tag="952" ind1=" " ind2=" ">
    <subfield code="0">0</subfield>
    <subfield code="1">0</subfield>
    <subfield code="4">0</subfield>
    <subfield code="7">0</subfield>
    <subfield code="a">CAE</subfield>
    <subfield code="b">CAE </subfield>
    <subfield code="d">2018-03-30</subfield>
    <subfield code="l">0</subfield>
    <subfield code="p">CAEAFM-61</subfield>
    <subfield code="r">2018-03-30</subfield>
    <subfield code="w">2018-03-30</subfield>
    <subfield code="y">BK</subfield>
  </datafield>
  <datafield tag="952" ind1=" " ind2=" ">
    <subfield code="0">0</subfield>
    <subfield code="1">0</subfield>
    <subfield code="4">0</subfield>
    <subfield code="7">0</subfield>
    <subfield code="a">CAE</subfield>
    <subfield code="b">CAE </subfield>
    <subfield code="d">2018-03-30</subfield>
    <subfield code="l">0</subfield>
    <subfield code="p">CAEAFM-18</subfield>
    <subfield code="r">2018-03-30</subfield>
    <subfield code="w">2018-03-30</subfield>
    <subfield code="y">BK</subfield>
  </datafield>
  <datafield tag="952" ind1=" " ind2=" ">
    <subfield code="0">0</subfield>
    <subfield code="1">0</subfield>
    <subfield code="4">0</subfield>
    <subfield code="7">0</subfield>
    <subfield code="a">CAE</subfield>
    <subfield code="b">CAE </subfield>
    <subfield code="d">2018-03-30</subfield>
    <subfield code="l">0</subfield>
    <subfield code="p">CAEAFM-6</subfield>
    <subfield code="r">2018-03-30</subfield>
    <subfield code="w">2018-03-30</subfield>
    <subfield code="y">BK</subfield>
  </datafield>
  <datafield tag="952" ind1=" " ind2=" ">
    <subfield code="0">0</subfield>
    <subfield code="1">0</subfield>
    <subfield code="4">0</subfield>
    <subfield code="7">0</subfield>
    <subfield code="a">CAE</subfield>
    <subfield code="b">CAE </subfield>
    <subfield code="d">2018-03-30</subfield>
    <subfield code="l">0</subfield>
    <subfield code="p">CAEAFM-60</subfield>
    <subfield code="r">2018-03-30</subfield>
    <subfield code="w">2018-03-30</subfield>
    <subfield code="y">BK</subfield>
  </datafield>
  <datafield tag="952" ind1=" " ind2=" ">
    <subfield code="0">0</subfield>
    <subfield code="1">0</subfield>
    <subfield code="4">0</subfield>
    <subfield code="7">0</subfield>
    <subfield code="a">CAE</subfield>
    <subfield code="b">CAE </subfield>
    <subfield code="d">2018-03-30</subfield>
    <subfield code="l">0</subfield>
    <subfield code="p">CAEAFM-2</subfield>
    <subfield code="r">2018-03-30</subfield>
    <subfield code="w">2018-03-30</subfield>
    <subfield code="y">BK</subfield>
  </datafield>
  <datafield tag="952" ind1=" " ind2=" ">
    <subfield code="0">0</subfield>
    <subfield code="1">0</subfield>
    <subfield code="4">0</subfield>
    <subfield code="7">0</subfield>
    <subfield code="a">CAE</subfield>
    <subfield code="b">CAE </subfield>
    <subfield code="d">2018-03-30</subfield>
    <subfield code="l">0</subfield>
    <subfield code="p">CAEAFM-30</subfield>
    <subfield code="r">2018-03-30</subfield>
    <subfield code="w">2018-03-30</subfield>
    <subfield code="y">BK</subfield>
  </datafield>
  <datafield tag="952" ind1=" " ind2=" ">
    <subfield code="0">0</subfield>
    <subfield code="1">0</subfield>
    <subfield code="4">0</subfield>
    <subfield code="7">0</subfield>
    <subfield code="a">CAE</subfield>
    <subfield code="b">CAE </subfield>
    <subfield code="d">2018-03-30</subfield>
    <subfield code="l">0</subfield>
    <subfield code="p">CAEAFM-82</subfield>
    <subfield code="r">2018-03-30</subfield>
    <subfield code="w">2018-03-30</subfield>
    <subfield code="y">BK</subfield>
  </datafield>
  <datafield tag="952" ind1=" " ind2=" ">
    <subfield code="0">0</subfield>
    <subfield code="1">0</subfield>
    <subfield code="4">0</subfield>
    <subfield code="7">0</subfield>
    <subfield code="a">CAE</subfield>
    <subfield code="b">CAE </subfield>
    <subfield code="d">2018-03-30</subfield>
    <subfield code="l">0</subfield>
    <subfield code="p">CAEAFM-53</subfield>
    <subfield code="r">2018-03-30</subfield>
    <subfield code="w">2018-03-30</subfield>
    <subfield code="y">BK</subfield>
  </datafield>
  <datafield tag="952" ind1=" " ind2=" ">
    <subfield code="0">0</subfield>
    <subfield code="1">0</subfield>
    <subfield code="4">0</subfield>
    <subfield code="7">0</subfield>
    <subfield code="a">CAE</subfield>
    <subfield code="b">CAE </subfield>
    <subfield code="d">2018-03-30</subfield>
    <subfield code="l">0</subfield>
    <subfield code="p">CAEAFM-33</subfield>
    <subfield code="r">2018-03-30</subfield>
    <subfield code="w">2018-03-30</subfield>
    <subfield code="y">BK</subfield>
  </datafield>
  <datafield tag="952" ind1=" " ind2=" ">
    <subfield code="0">0</subfield>
    <subfield code="1">0</subfield>
    <subfield code="4">0</subfield>
    <subfield code="7">0</subfield>
    <subfield code="a">CAE</subfield>
    <subfield code="b">CAE </subfield>
    <subfield code="d">2018-03-30</subfield>
    <subfield code="l">0</subfield>
    <subfield code="p">CAEAFM-89</subfield>
    <subfield code="r">2018-03-30</subfield>
    <subfield code="w">2018-03-30</subfield>
    <subfield code="y">BK</subfield>
  </datafield>
  <datafield tag="952" ind1=" " ind2=" ">
    <subfield code="0">0</subfield>
    <subfield code="1">0</subfield>
    <subfield code="4">0</subfield>
    <subfield code="7">0</subfield>
    <subfield code="a">CAE</subfield>
    <subfield code="b">CAE </subfield>
    <subfield code="d">2018-03-30</subfield>
    <subfield code="l">0</subfield>
    <subfield code="p">CAEAFM-84</subfield>
    <subfield code="r">2018-03-30</subfield>
    <subfield code="w">2018-03-30</subfield>
    <subfield code="y">BK</subfield>
  </datafield>
  <datafield tag="952" ind1=" " ind2=" ">
    <subfield code="0">0</subfield>
    <subfield code="1">0</subfield>
    <subfield code="4">0</subfield>
    <subfield code="7">0</subfield>
    <subfield code="a">CAE</subfield>
    <subfield code="b">CAE </subfield>
    <subfield code="d">2018-03-30</subfield>
    <subfield code="l">0</subfield>
    <subfield code="p">CAEAFM-46</subfield>
    <subfield code="r">2018-03-30</subfield>
    <subfield code="w">2018-03-30</subfield>
    <subfield code="y">BK</subfield>
  </datafield>
  <datafield tag="952" ind1=" " ind2=" ">
    <subfield code="0">0</subfield>
    <subfield code="1">0</subfield>
    <subfield code="4">0</subfield>
    <subfield code="7">0</subfield>
    <subfield code="a">CAE</subfield>
    <subfield code="b">CAE </subfield>
    <subfield code="d">2018-03-30</subfield>
    <subfield code="l">0</subfield>
    <subfield code="p">CAEAFM-1</subfield>
    <subfield code="r">2018-03-30</subfield>
    <subfield code="v">23.00</subfield>
    <subfield code="w">2018-03-30</subfield>
    <subfield code="y">BK</subfield>
  </datafield>
  <datafield tag="952" ind1=" " ind2=" ">
    <subfield code="0">0</subfield>
    <subfield code="1">0</subfield>
    <subfield code="4">0</subfield>
    <subfield code="7">0</subfield>
    <subfield code="a">CAE</subfield>
    <subfield code="b">CAE </subfield>
    <subfield code="d">2018-03-30</subfield>
    <subfield code="l">0</subfield>
    <subfield code="p">CAEAFM-28</subfield>
    <subfield code="r">2018-03-30</subfield>
    <subfield code="w">2018-03-30</subfield>
    <subfield code="y">BK</subfield>
  </datafield>
  <datafield tag="952" ind1=" " ind2=" ">
    <subfield code="0">0</subfield>
    <subfield code="1">0</subfield>
    <subfield code="4">0</subfield>
    <subfield code="7">0</subfield>
    <subfield code="a">CAE</subfield>
    <subfield code="b">CAE </subfield>
    <subfield code="d">2018-03-30</subfield>
    <subfield code="l">0</subfield>
    <subfield code="p">CAEAFM-67</subfield>
    <subfield code="r">2018-03-30</subfield>
    <subfield code="w">2018-03-30</subfield>
    <subfield code="y">BK</subfield>
  </datafield>
  <datafield tag="952" ind1=" " ind2=" ">
    <subfield code="0">0</subfield>
    <subfield code="1">0</subfield>
    <subfield code="4">0</subfield>
    <subfield code="7">0</subfield>
    <subfield code="a">CAE</subfield>
    <subfield code="b">CAE </subfield>
    <subfield code="d">2018-03-30</subfield>
    <subfield code="l">0</subfield>
    <subfield code="p">CAEAFM-90</subfield>
    <subfield code="r">2018-03-30</subfield>
    <subfield code="w">2018-03-30</subfield>
    <subfield code="y">BK</subfield>
  </datafield>
  <datafield tag="952" ind1=" " ind2=" ">
    <subfield code="0">0</subfield>
    <subfield code="1">0</subfield>
    <subfield code="4">0</subfield>
    <subfield code="7">0</subfield>
    <subfield code="a">CAE</subfield>
    <subfield code="b">CAE </subfield>
    <subfield code="d">2018-03-30</subfield>
    <subfield code="l">0</subfield>
    <subfield code="p">CAEAFM-101</subfield>
    <subfield code="r">2018-03-30</subfield>
    <subfield code="w">2018-03-30</subfield>
    <subfield code="y">BK</subfield>
  </datafield>
  <datafield tag="952" ind1=" " ind2=" ">
    <subfield code="0">0</subfield>
    <subfield code="1">0</subfield>
    <subfield code="4">0</subfield>
    <subfield code="7">0</subfield>
    <subfield code="a">CAE</subfield>
    <subfield code="b">CAE </subfield>
    <subfield code="d">2018-03-30</subfield>
    <subfield code="l">0</subfield>
    <subfield code="p">CAEAFM-65</subfield>
    <subfield code="r">2018-03-30</subfield>
    <subfield code="w">2018-03-30</subfield>
    <subfield code="y">BK</subfield>
  </datafield>
  <datafield tag="952" ind1=" " ind2=" ">
    <subfield code="0">0</subfield>
    <subfield code="1">0</subfield>
    <subfield code="4">0</subfield>
    <subfield code="7">0</subfield>
    <subfield code="a">CAE</subfield>
    <subfield code="b">CAE </subfield>
    <subfield code="d">2018-03-30</subfield>
    <subfield code="l">0</subfield>
    <subfield code="p">CAEAFM-95</subfield>
    <subfield code="r">2018-03-30</subfield>
    <subfield code="w">2018-03-30</subfield>
    <subfield code="y">BK</subfield>
  </datafield>
  <datafield tag="952" ind1=" " ind2=" ">
    <subfield code="0">0</subfield>
    <subfield code="1">0</subfield>
    <subfield code="4">0</subfield>
    <subfield code="7">0</subfield>
    <subfield code="a">CAE</subfield>
    <subfield code="b">CAE </subfield>
    <subfield code="d">2018-03-30</subfield>
    <subfield code="l">0</subfield>
    <subfield code="p">CAEAFM-24</subfield>
    <subfield code="r">2018-03-30</subfield>
    <subfield code="w">2018-03-30</subfield>
    <subfield code="y">BK</subfield>
  </datafield>
  <datafield tag="952" ind1=" " ind2=" ">
    <subfield code="0">0</subfield>
    <subfield code="1">0</subfield>
    <subfield code="4">0</subfield>
    <subfield code="7">0</subfield>
    <subfield code="a">CAE</subfield>
    <subfield code="b">CAE </subfield>
    <subfield code="d">2018-03-30</subfield>
    <subfield code="l">0</subfield>
    <subfield code="p">CAEAFM-26</subfield>
    <subfield code="r">2018-03-30</subfield>
    <subfield code="w">2018-03-30</subfield>
    <subfield code="y">BK</subfield>
  </datafield>
  <datafield tag="952" ind1=" " ind2=" ">
    <subfield code="0">0</subfield>
    <subfield code="1">0</subfield>
    <subfield code="4">0</subfield>
    <subfield code="7">0</subfield>
    <subfield code="a">CAE</subfield>
    <subfield code="b">CAE </subfield>
    <subfield code="d">2018-03-30</subfield>
    <subfield code="l">0</subfield>
    <subfield code="p">CAEAFM-70</subfield>
    <subfield code="r">2018-03-30</subfield>
    <subfield code="w">2018-03-30</subfield>
    <subfield code="y">BK</subfield>
  </datafield>
  <datafield tag="952" ind1=" " ind2=" ">
    <subfield code="0">0</subfield>
    <subfield code="1">0</subfield>
    <subfield code="4">0</subfield>
    <subfield code="7">0</subfield>
    <subfield code="a">CAE</subfield>
    <subfield code="b">CAE </subfield>
    <subfield code="d">2018-03-30</subfield>
    <subfield code="l">0</subfield>
    <subfield code="p">CAEAFM-270</subfield>
    <subfield code="r">2018-03-30</subfield>
    <subfield code="w">2018-03-30</subfield>
    <subfield code="y">BK</subfield>
  </datafield>
  <datafield tag="952" ind1=" " ind2=" ">
    <subfield code="0">0</subfield>
    <subfield code="1">0</subfield>
    <subfield code="4">0</subfield>
    <subfield code="7">0</subfield>
    <subfield code="a">CAE</subfield>
    <subfield code="b">CAE </subfield>
    <subfield code="d">2018-03-30</subfield>
    <subfield code="l">0</subfield>
    <subfield code="p">CAEAFM-88</subfield>
    <subfield code="r">2018-03-30</subfield>
    <subfield code="w">2018-03-30</subfield>
    <subfield code="y">BK</subfield>
  </datafield>
  <datafield tag="952" ind1=" " ind2=" ">
    <subfield code="0">0</subfield>
    <subfield code="1">0</subfield>
    <subfield code="4">0</subfield>
    <subfield code="7">0</subfield>
    <subfield code="a">CAE</subfield>
    <subfield code="b">CAE </subfield>
    <subfield code="d">2018-03-30</subfield>
    <subfield code="l">0</subfield>
    <subfield code="p">CAEAFM-63</subfield>
    <subfield code="r">2018-03-30</subfield>
    <subfield code="w">2018-03-30</subfield>
    <subfield code="y">BK</subfield>
  </datafield>
  <datafield tag="952" ind1=" " ind2=" ">
    <subfield code="0">0</subfield>
    <subfield code="1">0</subfield>
    <subfield code="4">0</subfield>
    <subfield code="7">0</subfield>
    <subfield code="a">CAE</subfield>
    <subfield code="b">CAE </subfield>
    <subfield code="d">2018-03-30</subfield>
    <subfield code="l">0</subfield>
    <subfield code="p">CAEAFM-64</subfield>
    <subfield code="r">2018-03-30</subfield>
    <subfield code="w">2018-03-30</subfield>
    <subfield code="y">BK</subfield>
  </datafield>
  <datafield tag="952" ind1=" " ind2=" ">
    <subfield code="0">0</subfield>
    <subfield code="1">0</subfield>
    <subfield code="4">0</subfield>
    <subfield code="7">0</subfield>
    <subfield code="a">CAE</subfield>
    <subfield code="b">CAE </subfield>
    <subfield code="d">2018-03-30</subfield>
    <subfield code="l">0</subfield>
    <subfield code="p">CAEAFM-334</subfield>
    <subfield code="r">2018-03-30</subfield>
    <subfield code="w">2018-03-30</subfield>
    <subfield code="y">BK</subfield>
  </datafield>
  <datafield tag="952" ind1=" " ind2=" ">
    <subfield code="0">0</subfield>
    <subfield code="1">0</subfield>
    <subfield code="4">0</subfield>
    <subfield code="7">0</subfield>
    <subfield code="a">CAE</subfield>
    <subfield code="b">CAE </subfield>
    <subfield code="d">2018-03-30</subfield>
    <subfield code="l">0</subfield>
    <subfield code="p">CAEAFM-421</subfield>
    <subfield code="r">2018-03-30</subfield>
    <subfield code="w">2018-03-30</subfield>
    <subfield code="y">BK</subfield>
  </datafield>
  <datafield tag="952" ind1=" " ind2=" ">
    <subfield code="0">0</subfield>
    <subfield code="1">0</subfield>
    <subfield code="4">0</subfield>
    <subfield code="7">0</subfield>
    <subfield code="a">CAE</subfield>
    <subfield code="b">CAE </subfield>
    <subfield code="d">2018-03-30</subfield>
    <subfield code="l">0</subfield>
    <subfield code="p">CAEAFM-41</subfield>
    <subfield code="r">2018-03-30</subfield>
    <subfield code="w">2018-03-30</subfield>
    <subfield code="y">BK</subfield>
  </datafield>
  <datafield tag="952" ind1=" " ind2=" ">
    <subfield code="0">0</subfield>
    <subfield code="1">0</subfield>
    <subfield code="4">0</subfield>
    <subfield code="7">0</subfield>
    <subfield code="a">CAE</subfield>
    <subfield code="b">CAE </subfield>
    <subfield code="d">2018-03-30</subfield>
    <subfield code="l">0</subfield>
    <subfield code="p">CAEAFM-23</subfield>
    <subfield code="r">2018-03-30</subfield>
    <subfield code="w">2018-03-30</subfield>
    <subfield code="y">BK</subfield>
  </datafield>
  <datafield tag="952" ind1=" " ind2=" ">
    <subfield code="0">0</subfield>
    <subfield code="1">0</subfield>
    <subfield code="4">0</subfield>
    <subfield code="7">0</subfield>
    <subfield code="a">CAE</subfield>
    <subfield code="b">CAE </subfield>
    <subfield code="d">2018-03-30</subfield>
    <subfield code="l">0</subfield>
    <subfield code="p">CAEAFM-11</subfield>
    <subfield code="r">2018-03-30</subfield>
    <subfield code="w">2018-03-30</subfield>
    <subfield code="y">BK</subfield>
  </datafield>
  <datafield tag="952" ind1=" " ind2=" ">
    <subfield code="0">0</subfield>
    <subfield code="1">0</subfield>
    <subfield code="4">0</subfield>
    <subfield code="7">0</subfield>
    <subfield code="a">CAE</subfield>
    <subfield code="b">CAE </subfield>
    <subfield code="d">2018-03-30</subfield>
    <subfield code="l">0</subfield>
    <subfield code="p">CAEAFM-79</subfield>
    <subfield code="r">2018-03-30</subfield>
    <subfield code="w">2018-03-30</subfield>
    <subfield code="y">BK</subfield>
  </datafield>
  <datafield tag="952" ind1=" " ind2=" ">
    <subfield code="0">0</subfield>
    <subfield code="1">0</subfield>
    <subfield code="4">0</subfield>
    <subfield code="7">0</subfield>
    <subfield code="a">CAE</subfield>
    <subfield code="b">CAE </subfield>
    <subfield code="d">2018-03-30</subfield>
    <subfield code="l">0</subfield>
    <subfield code="p">CAEAFM-25</subfield>
    <subfield code="r">2018-03-30</subfield>
    <subfield code="w">2018-03-30</subfield>
    <subfield code="y">BK</subfield>
  </datafield>
  <datafield tag="952" ind1=" " ind2=" ">
    <subfield code="0">0</subfield>
    <subfield code="1">0</subfield>
    <subfield code="4">0</subfield>
    <subfield code="7">0</subfield>
    <subfield code="a">CAE</subfield>
    <subfield code="b">CAE </subfield>
    <subfield code="d">2018-03-30</subfield>
    <subfield code="l">0</subfield>
    <subfield code="p">CAEAFM-78</subfield>
    <subfield code="r">2018-03-30</subfield>
    <subfield code="w">2018-03-30</subfield>
    <subfield code="y">BK</subfield>
  </datafield>
  <datafield tag="952" ind1=" " ind2=" ">
    <subfield code="0">0</subfield>
    <subfield code="1">0</subfield>
    <subfield code="4">0</subfield>
    <subfield code="7">0</subfield>
    <subfield code="a">CAE</subfield>
    <subfield code="b">CAE </subfield>
    <subfield code="d">2018-03-30</subfield>
    <subfield code="l">0</subfield>
    <subfield code="p">CAEAFM-193</subfield>
    <subfield code="r">2018-03-30</subfield>
    <subfield code="w">2018-03-30</subfield>
    <subfield code="y">BK</subfield>
  </datafield>
  <datafield tag="952" ind1=" " ind2=" ">
    <subfield code="0">0</subfield>
    <subfield code="1">0</subfield>
    <subfield code="4">0</subfield>
    <subfield code="7">0</subfield>
    <subfield code="a">CAE</subfield>
    <subfield code="b">CAE </subfield>
    <subfield code="d">2018-03-30</subfield>
    <subfield code="l">0</subfield>
    <subfield code="p">CAEAFM-19</subfield>
    <subfield code="r">2018-03-30</subfield>
    <subfield code="w">2018-03-30</subfield>
    <subfield code="y">BK</subfield>
  </datafield>
  <datafield tag="952" ind1=" " ind2=" ">
    <subfield code="0">0</subfield>
    <subfield code="1">0</subfield>
    <subfield code="4">0</subfield>
    <subfield code="7">0</subfield>
    <subfield code="a">CAE</subfield>
    <subfield code="b">CAE </subfield>
    <subfield code="d">2018-03-30</subfield>
    <subfield code="l">0</subfield>
    <subfield code="p">CAEAFM-52</subfield>
    <subfield code="r">2018-03-30</subfield>
    <subfield code="w">2018-03-30</subfield>
    <subfield code="y">BK</subfield>
  </datafield>
  <datafield tag="952" ind1=" " ind2=" ">
    <subfield code="0">0</subfield>
    <subfield code="1">0</subfield>
    <subfield code="4">0</subfield>
    <subfield code="7">0</subfield>
    <subfield code="a">CAE</subfield>
    <subfield code="b">CAE </subfield>
    <subfield code="d">2018-03-30</subfield>
    <subfield code="l">0</subfield>
    <subfield code="p">CAEAFM-204</subfield>
    <subfield code="r">2018-03-30</subfield>
    <subfield code="w">2018-03-30</subfield>
    <subfield code="y">BK</subfield>
  </datafield>
  <datafield tag="952" ind1=" " ind2=" ">
    <subfield code="0">0</subfield>
    <subfield code="1">0</subfield>
    <subfield code="4">0</subfield>
    <subfield code="7">0</subfield>
    <subfield code="a">CAE</subfield>
    <subfield code="b">CAE </subfield>
    <subfield code="d">2018-03-30</subfield>
    <subfield code="l">0</subfield>
    <subfield code="p">CAEAFM-9</subfield>
    <subfield code="r">2018-03-30</subfield>
    <subfield code="w">2018-03-30</subfield>
    <subfield code="y">BK</subfield>
  </datafield>
  <datafield tag="952" ind1=" " ind2=" ">
    <subfield code="0">0</subfield>
    <subfield code="1">0</subfield>
    <subfield code="4">0</subfield>
    <subfield code="7">0</subfield>
    <subfield code="a">CAE</subfield>
    <subfield code="b">CAE </subfield>
    <subfield code="d">2018-03-30</subfield>
    <subfield code="l">0</subfield>
    <subfield code="p">CAEAFM-250</subfield>
    <subfield code="r">2018-03-30</subfield>
    <subfield code="w">2018-03-30</subfield>
    <subfield code="y">BK</subfield>
  </datafield>
  <datafield tag="952" ind1=" " ind2=" ">
    <subfield code="0">0</subfield>
    <subfield code="1">0</subfield>
    <subfield code="4">0</subfield>
    <subfield code="7">0</subfield>
    <subfield code="a">CAE</subfield>
    <subfield code="b">CAE </subfield>
    <subfield code="d">2018-03-30</subfield>
    <subfield code="l">0</subfield>
    <subfield code="p">CAEAFM-107</subfield>
    <subfield code="r">2018-03-30</subfield>
    <subfield code="w">2018-03-30</subfield>
    <subfield code="y">BK</subfield>
  </datafield>
  <datafield tag="952" ind1=" " ind2=" ">
    <subfield code="0">0</subfield>
    <subfield code="1">0</subfield>
    <subfield code="4">0</subfield>
    <subfield code="7">0</subfield>
    <subfield code="a">CAE</subfield>
    <subfield code="b">CAE </subfield>
    <subfield code="d">2018-03-30</subfield>
    <subfield code="l">0</subfield>
    <subfield code="p">CAEafm-159</subfield>
    <subfield code="r">2018-03-30</subfield>
    <subfield code="w">2018-03-30</subfield>
    <subfield code="y">BK</subfield>
  </datafield>
  <datafield tag="952" ind1=" " ind2=" ">
    <subfield code="0">0</subfield>
    <subfield code="1">0</subfield>
    <subfield code="4">0</subfield>
    <subfield code="7">0</subfield>
    <subfield code="a">CAE</subfield>
    <subfield code="b">CAE </subfield>
    <subfield code="d">2018-03-30</subfield>
    <subfield code="l">0</subfield>
    <subfield code="p">CAEAFM-51</subfield>
    <subfield code="r">2018-03-30</subfield>
    <subfield code="w">2018-03-30</subfield>
    <subfield code="y">BK</subfield>
  </datafield>
  <datafield tag="952" ind1=" " ind2=" ">
    <subfield code="0">0</subfield>
    <subfield code="1">0</subfield>
    <subfield code="4">0</subfield>
    <subfield code="7">0</subfield>
    <subfield code="a">CAE</subfield>
    <subfield code="b">CAE </subfield>
    <subfield code="d">2018-03-30</subfield>
    <subfield code="l">0</subfield>
    <subfield code="p">CAEAFM-39</subfield>
    <subfield code="r">2018-03-30</subfield>
    <subfield code="w">2018-03-30</subfield>
    <subfield code="y">BK</subfield>
  </datafield>
  <datafield tag="952" ind1=" " ind2=" ">
    <subfield code="0">0</subfield>
    <subfield code="1">0</subfield>
    <subfield code="4">0</subfield>
    <subfield code="7">0</subfield>
    <subfield code="a">CAE</subfield>
    <subfield code="b">CAE </subfield>
    <subfield code="d">2018-03-30</subfield>
    <subfield code="l">0</subfield>
    <subfield code="p">CAEafm-621</subfield>
    <subfield code="r">2018-03-30</subfield>
    <subfield code="w">2018-03-30</subfield>
    <subfield code="y">BK</subfield>
  </datafield>
  <datafield tag="952" ind1=" " ind2=" ">
    <subfield code="0">0</subfield>
    <subfield code="1">0</subfield>
    <subfield code="4">0</subfield>
    <subfield code="7">0</subfield>
    <subfield code="a">CAE</subfield>
    <subfield code="b">CAE </subfield>
    <subfield code="d">2018-03-30</subfield>
    <subfield code="l">0</subfield>
    <subfield code="p">CAEAFM-50</subfield>
    <subfield code="r">2018-03-30</subfield>
    <subfield code="w">2018-03-30</subfield>
    <subfield code="y">BK</subfield>
  </datafield>
  <datafield tag="952" ind1=" " ind2=" ">
    <subfield code="0">0</subfield>
    <subfield code="1">0</subfield>
    <subfield code="4">0</subfield>
    <subfield code="7">0</subfield>
    <subfield code="a">CAE</subfield>
    <subfield code="b">CAE </subfield>
    <subfield code="d">2018-03-30</subfield>
    <subfield code="l">0</subfield>
    <subfield code="p">CAEG-9968</subfield>
    <subfield code="r">2018-03-30</subfield>
    <subfield code="w">2018-03-30</subfield>
    <subfield code="y">BK</subfield>
  </datafield>
  <datafield tag="952" ind1=" " ind2=" ">
    <subfield code="0">0</subfield>
    <subfield code="1">0</subfield>
    <subfield code="4">0</subfield>
    <subfield code="7">0</subfield>
    <subfield code="a">CAE</subfield>
    <subfield code="b">CAE </subfield>
    <subfield code="d">2018-03-30</subfield>
    <subfield code="l">0</subfield>
    <subfield code="p">CAEAFM-49</subfield>
    <subfield code="r">2018-03-30</subfield>
    <subfield code="w">2018-03-30</subfield>
    <subfield code="y">BK</subfield>
  </datafield>
  <datafield tag="952" ind1=" " ind2=" ">
    <subfield code="0">0</subfield>
    <subfield code="1">0</subfield>
    <subfield code="4">0</subfield>
    <subfield code="7">0</subfield>
    <subfield code="a">CAE</subfield>
    <subfield code="b">CAE </subfield>
    <subfield code="d">2018-03-30</subfield>
    <subfield code="l">0</subfield>
    <subfield code="p">CAEAFM-103</subfield>
    <subfield code="r">2018-03-30</subfield>
    <subfield code="w">2018-03-30</subfield>
    <subfield code="y">BK</subfield>
  </datafield>
  <datafield tag="952" ind1=" " ind2=" ">
    <subfield code="0">0</subfield>
    <subfield code="1">0</subfield>
    <subfield code="4">0</subfield>
    <subfield code="7">0</subfield>
    <subfield code="a">CAE</subfield>
    <subfield code="b">CAE </subfield>
    <subfield code="d">2018-03-30</subfield>
    <subfield code="l">0</subfield>
    <subfield code="p">CAEAfm-446</subfield>
    <subfield code="r">2018-03-30</subfield>
    <subfield code="w">2018-03-30</subfield>
    <subfield code="y">BK</subfield>
  </datafield>
</record>
